Score 0/41 Timer 14:00
1 Play Today
Population City % Correct
2,872,800Rome
97.6%
2,934,522Kiev
94.7%
673,469Oslo
89.5%
637,971Riga
78.3%
133,798Bern
75.2%
513,275Lyon
69.1%
342,522Nice
59.2%
125,622Cork
57.2%
325,490Bonn
52.3%
379,527Brno
49.3%
690,422Łódź
48.4%
286,292Graz
46.5%
726,772Ľviv
44.5%
161,875York
39.1%
204,846Linz
38.5%
323,370Bari
37.5%
100,575Bath
34.2%
1,051,583Perm
34.1%
292,986Vigo
29.7%
247,943Kiel
28.5%
201,810Oulu
26.3%
Population City % Correct
106,260Caen
25%
290,422Iași
23.6%
117,492Metz
21.6%
144,188Pécs
20.5%
482,873Tula
19.6%
125,317León
17.6%
111,099Jena
16.7%
420,065Tver
16.6%
125,080Umeå
15.7%
121,274Lund
14.9%
130,094Győr
14.8%
114,238Jaén
13.9%
179,185Hamm
12.8%
144,125Ruse
11.5%
159,074Arad
11.1%
137,382Sale
10.8%
229,255Orsk
9.4%
264,483Sumy
9.2%
103,123Reus
7.3%
101,616Lida
6.6%
Remove Ads.
Support Sporcle.
Get the best of Sporcle when you Go Orange. This ad-free experience offers more features, more stats, and more fun while also helping to support Sporcle. Thank you for becoming a member.

You're not logged in!

Compare scores with friends on all Sporcle quizzes.
OR
Log In

Show Comments

Extras

Top Quizzes Today


Score Distribution

Your Account Isn't Verified!

In order to create a playlist on Sporcle, you need to verify the email address you used during registration. Go to your Sporcle Settings to finish the process.

Report this User

Report this user for behavior that violates our Community Guidelines.

Details: